First and Last Letters IV Quiz Stats

Quiz Updated Apr 14, 2012

Challenge
Share
Tweet
Embed
Score 0/35 Timer 05:00
3 Plays Today
Hint Word % Correct
_ T O V _STOVE
96.9%
_ T U C _STUCK
92.5%
_ B O U _ABOUT
91.5%
_ J E C _EJECT
90.7%
_ M I L _SMILE
90%
_ S I D _ASIDE
89.4%
_ D E P _ADEPT
88.3%
_ T A K _STAKE
87.9%
_ L B O _ELBOW
87.4%
_ P A W _SPAWN
87.1%
_ D O P _ADOPT
86.1%
_ L I K _ALIKE
85.7%
_ N J O _ENJOY
85.4%
_ N C L _UNCLE
85.4%
_ R M O _ARMOR
85.3%
_ R T S _ARTSY
84.4%
_ X C E _EXCEL
84.2%
_ M A C _SMACK
84.1%
Hint Word % Correct
_ C O F _SCOFF
82%
_ N U F _SNUFF
81.6%
_ N T S _ANTSY
80.4%
_ L T R _ULTRA
79.8%
_ X P E _EXPEL
79.6%
_ N P U _INPUT
78.7%
_ D A G _ADAGE
78.3%
_ I F L _RIFLE
78.3%
_ B O R _ABORT
78.1%
_ C T O _ACTOR
77.7%
_ N E P _INEPT
76.7%
_ U E D _SUEDE
75.8%
_ B H O _ABHOR
74.7%
_ S S U _ISSUE
74.5%
_ D U L _ADULT
73.9%
_ U G B _RUGBY
73.7%
_ C C U _OCCUR
66.3%

You're not logged in!

Compare scores with friends on all Sporcle quizzes.
Join for Free
OR
Log In

You Might Also Like...

Show Comments

Extras

Top Quizzes Today


Score Distribution

Your Account Isn't Verified!

In order to create a playlist on Sporcle, you need to verify the email address you used during registration. Go to your Sporcle Settings to finish the process.

Report this User

Report this user for behavior that violates our Community Guidelines.

Details: